Competition and regulation 2015
Gespeichert in:
| Weitere Verfasser: | |
|---|---|
| Format: | Buch |
| Sprache: | Englisch |
| Veröffentlicht: |
Budapest
Institute of Economics, CERS, Hungarian Academy of Sciences
2015
|
| Schlagworte: | |
| Tags: |
Keine Tags, Fügen Sie das erste Tag hinzu!
|
MARC
| LEADER | 00000nam a2200000 4500 | ||
|---|---|---|---|
| 001 | 0211865 | ||
| 005 | 20240314122753.3 | ||
| 022 | |a 1789-9702 | ||
| 041 | 0 | |a eng | |
| 044 | |a HU | ||
| 245 | 1 | 0 | |a Competition and regulation 2015 |c editors: Pál Valentiny ...[et al.] |
| 264 | 1 | |a Budapest |b Institute of Economics, CERS, Hungarian Academy of Sciences |c 2015 | |
| 300 | |a 360 s. | ||
| 610 | 2 | 0 | |a tajomstvo obchodné |
| 610 | 2 | 0 | |a regulácia |
| 610 | 2 | 0 | |a organizácia priemyslu |
| 610 | 2 | 0 | |a konkurencia |
| 610 | 2 | 0 | |a výskum |
| 610 | 2 | 0 | |a rozvoj podniku |
| 610 | 2 | 0 | |a firmy |
| 610 | 2 | 0 | |a energia |
| 610 | 2 | 0 | |a integrácia regionálna |
| 610 | 2 | 0 | |a elektrina |
| 610 | 2 | 0 | |a plyn |
| 610 | 2 | 0 | |a trh |
| 610 | 2 | 0 | |a infraštruktúra |
| 610 | 2 | 0 | |a telefón |
| 610 | 2 | 0 | |a služby |
| 610 | 2 | 0 | |a pošty |
| 610 | 2 | 0 | |a Maďarsko |
| 700 | 1 | |a Valentiny, Pál | |